Szczegóły MARC21

Advanced introduction to tourism destination management /

003 -Nazwa inst., której nr kontr. jest w polu 001 [,]
    • @
    • Nazwa instytucji, której n kontrolny jest w polu 001
    • NUKAT
005 -DATA I CZAS OSTATNIEJ MODYFIKACJI [,]
    • @
    • pole kontrolne
    • 20241231095314.0
020 -Międzynarod. znormalizowany nr książki - ISBN [ , ]
    • a
    • Numer ISBN
    • 9781839103896 Find
    • q
    • Dopowiedzenie
    • cased
020 -Międzynarod. znormalizowany nr książki - ISBN [ , ]
    • a
    • Numer ISBN
    • 9781839103919 Find
    • q
    • Dopowiedzenie
    • paperback
020 -Międzynarod. znormalizowany nr książki - ISBN [ , ]
    • a
    • Numer ISBN
    • 9781839103902 Find
    • q
    • Dopowiedzenie
    • eBook
040 -Instytucja sporządzająca opis [ , ]
    • a
    • Instytucja, która sporządziła opis (NP)
    • SZCZ U/JS
    • b
    • Język katalogowania
    • pol
    • e
    • Zasady katalogowania
    • rda
    • c
    • Instytucja, która sporządziła rekord (NP)
    • SZCZ U/JSs
044 -Kraj miejsca wydania [ , ]
    • a
    • Kraj miejsca wydania
    • Wielka Brytania po 1988
    • a
    • Kraj miejsca wydania
    • Stany Zjednoczone po 1988
942 -Rodzaj dokumentu [ , ]
    • c
    • Rodzaj dokumentu
    • Książka
100 -Hasło główne - nazwa osobowa [1, ]
    • a
    • Nazwa osobowa (NP)
    • Ryan, Chris
    • d
    • Daty biograficzne (NP)
    • (1945- ).
    • e
    • Rodzaj współpracy
    • Autor
    • 9
    • KHW
    • 635670
245 -Strefa tytułu i oznaczenia odpowiedzialności [1,0]
    • a
    • Tytuł
    • Advanced introduction to tourism destination management / Find
    • c
    • Pozostałe elementy strefy tytułu i oznaczenia odpowiedzialności (NP)
    • Chris Ryan.
260 -Strefa adresu wydawniczego [ , ]
    • a
    • Miejsce wydania (P)
    • Cheltenham ;
    • a
    • Miejsce wydania (P)
    • Northampton :
    • b
    • Nazwa wydawcy (P)
    • Edward Elgar Publishing,
    • c
    • Data wydania (P)
    • © 2020.
300 -Strefa opisu fizycznego [ , ]
    • a
    • Określenie formy książki i/lub objętość (NP)
    • VIII, [2], 167 stron :
    • b
    • Oznaczenie ilustracji (NP)
    • ilustracje ;
    • c
    • Format (NP)
    • 21 cm.
336 -Typ zawartości [ , ]
    • a
    • Termin opisujący typ zawartości
    • Tekst
    • b
    • Kod określający zawartość
    • txt
    • 2
    • Źródło (terminu i kodu)
    • rdacontent
337 -Typ mediów [ , ]
    • a
    • Tryb odtwarzania
    • Bez urządzenia pośredniczącego
    • b
    • Kod typu mediów
    • n
    • 2
    • Źródło (terminu i kodu)
    • rdamedia
338 -Typ/rodzaj nośnika [ , ]
    • a
    • Hasło opisujące typ nośnika
    • Wolumin
    • b
    • Kod typu nośnika
    • nc
    • 2
    • Źródło (terminu i kodu)
    • rdacarrier
490 -Strefa serii i książki wielotomowej - forma nie do wyszukiwania [1, ]
    • a
    • Tytuł (P)
    • Elgar Advanced Introductions Find
830 -Hasło dodatkowe serii i opisu książki wielotomowej - tytuł ujednolicony/tytuł [ ,0]
    • a
    • Tytuł ujednolicony/tytuł (NP)
    • Elgar Advanced Introductions
    • 9
    • KHW
    • 635671
504 -Uwaga dot. bibliogr. załącznikowej [ , ]
    • a
    • Uwaga dot. bibliografii załącznikowej
    • Bibliografia na stronach 140-158. Indeks.
650 -Hasło przedmiotowe [ ,7]
    • a
    • Hasło przedmiotowe
    • Turystyka
    • x
    • Określnik rzeczowy
    • zarządzanie.
    • 2
    • Źródło terminu
    • kaba
    • 9
    • KHW
    • 360754
650 -Hasło przedmiotowe [ ,7]
    • a
    • Hasło przedmiotowe
    • Miejscowości wypoczynkowe.
    • 2
    • Źródło terminu
    • kaba
    • 9
    • KHW
    • 119283
650 -Hasło przedmiotowe [ ,7]
    • a
    • Hasło przedmiotowe
    • Tereny wypoczynkowe.
    • 2
    • Źródło terminu
    • kaba
    • 9
    • KHW
    • 133416
710 -Hasło dodatkowe - nazwa ciała zbiorowego [2, ]
    • a
    • Nazwa ciała zbiorowego lub nazwa geograficzna jako pierwszy element (NP)
    • Edward Elgar Publishing.
    • e
    • Rodzaj współpracy
    • Wydawca
    • 4
    • Kod relacji
    • pbl
    • 9
    • KHW
    • 64206
920 -ISBN [ , ]
    • a
    • ISBN
    • 978-1-83910-389-6 Find
    • q
    • Dopowiedzenie
    • cased
920 -ISBN [ , ]
    • a
    • ISBN
    • 978-1-83910-391-9 Find
    • q
    • Dopowiedzenie
    • paperback
920 -ISBN [ , ]
    • a
    • ISBN
    • 978-1-83910-390-2 Find
    • q
    • Dopowiedzenie
    • eBook
Sygnatura Numer inwentarzowy Status udost. Lokalizacja Data inwentaryzacji
 T.21510-2T2022-05-23
TM.15913TM.15913-2T2022-05-23
TM.15914TM.15914-2T2022-05-23